| 000 | 003250000a22000970004500 | ||
|---|---|---|---|
| 100 | 1 | _aKerr, Edwin L. | |
| 245 | 1 | 0 | _aWhat really matters in learning a language : A playful at language learning and culture |
| 300 | _aVol. 76, Num. 4 (Octubre-Diciembre, 1996), Páginas 20-21 | ||
| 773 | 0 | _tLatin America Evangelist | |
| 942 | _cANA | ||
| 999 |
_c55041 _d55041 |
||